Missing Word: 2-Word Countries Quiz Stats

 Plays Quiz Updated Jul 13, 2016

Challenge
Share
Tweet
Embed
Score 0/14 Timer 01:30
2 Plays Today
Country Missing Word % Correct
_____ ZealandNew
98.6%
Saudi _____Arabia
98.5%
_____ AfricaSouth
97.3%
_____ LankaSri
97.1%
_____ RicaCosta
96.6%
Vatican _____City
95.9%
_____ d'IvoireCote
94.7%
Country Missing Word % Correct
_____ MarinoSan
90.6%
El _____Salvador
88.7%
Sierra _____Leone
88.1%
North _____Korea
83.4%
Equatorial _____Guinea
79.7%
Burkina _____Faso
77.4%
_____ VerdeCabo
76.8%

Today's Daily Dose

You're not logged in!

Compare scores with friends on all Sporcle quizzes.
Join for Free
OR
Log In

You Might Also Like...

Show Comments

Extras

Top Quizzes Today


Score Distribution

Your Account Isn't Verified!

In order to create a playlist on Sporcle, you need to verify the email address you used during registration. Go to your Sporcle Settings to finish the process.

Report this User

Report this user for behavior that violates our Community Guidelines.

Details: